| 000 | 00413nam a2200145Ia 4500 | ||
|---|---|---|---|
| 003 | GCL | ||
| 008 | 140319s9999 xx 000 0 ara d | ||
| 040 |
_aGCL / _cGCL |
||
| 082 | 0 | 4 |
_a016 _bع م |
| 100 | 1 | _aعبدالسلام المسدى | |
| 245 | 1 | 0 |
_aمراجع النقد الحديث / _cعبدالسلام المسدى |
| 490 | _a | ||
| 650 | 0 | 4 | _aالمراجع - ببليوجرافيات |
| 942 |
_2ddc _cBK |
||
| 999 |
_c39092 _d39092 |
||